| 000 | 00777cam a22001935a 4500 | ||
|---|---|---|---|
| 001 | L137899 | ||
| 008 | 070504s2005 xxk f 000 0 eng d | ||
| 035 | _a(Sirsi) u137899 | ||
| 041 | 0 | _aeng | |
| 100 | 1 | _aTurrell, Pat | |
| 245 | 0 | 0 | _aBuilding a culture |
| 260 | _c2005 | ||
| 520 | _aProvides a case study of two higher educational institutions and their built environment discipline academic culture, with a specific focus on the impact of culture on the participation of females in the subject area. | ||
| 651 | 4 |
_aEngland and Wales _y1543- |
|
| 690 | _aCAREERS, EDUCATION AND TRAINING-CAREERS IN SURVEYING | ||
| 700 | 1 | _aWilkinson, Sara J. | |
| 711 | 2 |
_aConstruction and Building Research Conference _cUniversity of Queensland, Brisbane _d4-5 July 2005 |
|
| 942 | _n0 | ||
| 999 |
_c106922 _d106922 |
||